[Event "AUT-ch U10 Girls"]
[Site "St Veit"]
[Date "2016.05.29"]
[Round "7.2"]
[White "Katter, Marlene"]
[Black "Rumpold, Anja"]
[Result "1-0"]
[WhiteElo "1235"]
[BlackElo "1164"]
[PlyCount "37"]
[EventDate "2016.05.27"]
[EventType "swiss"]
[EventRounds "7"]
[EventCountry "AUT"]
[SourceTitle "EXT 2024"]
[Source "ChessBase"]
[SourceDate "2023.10.10"]
[SourceVersion "1"]
[SourceVersionDate "2023.10.10"]
[SourceQuality "1"]

1. e4 e5 2. Nf3 Nc6 3. d4 d6 4. dxe5 dxe5 5. Qxd8+ Nxd8 6. Nxe5 Nf6 7. Nc3 Bb4 8. Bd2 Bxc3 9. Bxc3 Nxe4 10. Bb4 Bf5 11. f3 Nf6 12. 0-0-0 a5 13. Ba3 b5 14. Bxb5+ Nd7 15. Nxd7 c6 16. Rhe1+ Be6 17. Ba4 Nb7 18. Bxc6 Rc8 19. Nf6# 1-0

[Event "AUT-ch U10 Girls"]
[Site "St Veit"]
[Date "2016.05.27"]
[Round "1.4"]
[White "Rumpold, Anja"]
[Black "Danninger, Franziska"]
[Result "1-0"]
[WhiteElo "1164"]
[BlackElo "800"]
[PlyCount "51"]
[EventDate "2016.05.27"]
[EventType "swiss"]
[EventRounds "7"]
[EventCountry "AUT"]
[SourceTitle "EXT 2024"]
[Source "ChessBase"]
[SourceDate "2023.10.10"]
[SourceVersion "1"]
[SourceVersionDate "2023.10.10"]
[SourceQuality "1"]

1. e4 e5 2. Nf3 Nc6 3. Nc3 Bc5 4. Nxe5 Nxe5 5. d4 Bd6 6. dxe5 Bxe5 7. Be2 Nf6 8. Bg5 d6 9. Nd5 Be6 10. Qd2 c6 11. Nxf6+ Bxf6 12. Bxf6 Qxf6 13. 0-0-0 0-0 14. h4 d5 15. exd5 cxd5 16. g4 a6 17. g5 Qf5 18. h5 b5 19. h6 a5 20. Qc3 Qg6 21. f4 b4 22. Qd4 Rac8 23. Bd3 Qf6 24. gxf6 gxf6 25. Rhg1+ Kh8 26. Qxf6# 1-0

[Event "AUT-ch U12 Girls"]
[Site "St Veit"]
[Date "2016.05.16"]
[Round "6"]
[White "Hiebner, Carina"]
[Black "Rumpold, Anja"]
[Result "0-1"]
[WhiteElo "915"]
[BlackElo "1164"]
[PlyCount "58"]
[EventDate "2016.05.14"]
[EventType "swiss"]
[EventRounds "7"]
[EventCountry "AUT"]
[SourceTitle "CBM 172 Extra"]
[Source "ChessBase"]
[SourceDate "2016.06.21"]
[SourceVersion "1"]
[SourceVersionDate "2016.06.21"]
[SourceQuality "1"]

1. d4 d5 2. Bf4 Nc6 3. e3 Nf6 4. Nf3 Nh5 5. h3 Nxf4 6. exf4 Bf5 7. Bd3 Be4 8. Bxe4 dxe4 9. Nh2 Qxd4 10. Qxd4 Nxd4 11. Na3 0-0-0 12. 0-0 Ne2+ 13. Kh1 e6 14. Rfe1 Rd2 15. Rad1 Rxd1 16. Rxd1 Nxf4 17. Nc4 Bc5 18. Ne5 Bxf2 19. Nxf7 Rf8 20. Ne5 e3 21. Nhf3 e2 22. Rd2 e1Q+ 23. Nxe1 Bxe1 24. Rd7 g5 25. Rxh7 Bf2 26. c3 b6 27. b4 Bg3 28. Rd7 Rf5 29. Rf7 Rxe5 0-1

[Event "AUT-ch U12 Girls"]
[Site "St Veit"]
[Date "2016.05.16"]
[Round "5"]
[White "Rumpold, Anja"]
[Black "Katter, Katharina"]
[Result "0-1"]
[WhiteElo "1164"]
[BlackElo "1380"]
[PlyCount "70"]
[EventDate "2016.05.14"]
[EventType "swiss"]
[EventRounds "7"]
[EventCountry "AUT"]
[SourceTitle "CBM 172 Extra"]
[Source "ChessBase"]
[SourceDate "2016.06.21"]
[SourceVersion "1"]
[SourceVersionDate "2016.06.21"]
[SourceQuality "1"]

1. e4 e6 2. Nf3 d5 3. exd5 exd5 4. d4 Nf6 5. Nc3 Bd6 6. Bg5 c6 7. Qd2 Bg4 8. 0-0-0 0-0 9. h3 Bh5 10. g4 Bg6 11. h4 h6 12. h5 hxg5 13. Qxg5 Ne4 14. Nxe4 Bxe4 15. Rh3 Bxf3 16. Qxd8 Rxd8 17. Rxf3 Nd7 18. g5 Be7 19. Rg3 Bd6 20. Rg4 Re8 21. h6 gxh6 22. gxh6+ Kh7 23. Rh4 Rf8 24. Bd3+ f5 25. Rg1 Rf7 26. Rhg4 Nb6 27. Kd1 Nc4 28. Ke2 Nxb2 29. Rg7+ Rxg7 30. hxg7 Nxd3 31. Kxd3 Rg8 32. c4 Rxg7 33. Rxg7+ Kxg7 34. c5 Bc7 35. f4 Bxf4 0-1

[Event "AUT-ch U12 Girls"]
[Site "St Veit"]
[Date "2016.05.14"]
[Round "2"]
[White "Rigler, Caroline"]
[Black "Rumpold, Anja"]
[Result "1-0"]
[WhiteElo "1492"]
[BlackElo "1164"]
[PlyCount "93"]
[EventDate "2016.05.14"]
[EventType "swiss"]
[EventRounds "7"]
[EventCountry "AUT"]
[SourceTitle "CBM 172 Extra"]
[Source "ChessBase"]
[SourceDate "2016.06.21"]
[SourceVersion "1"]
[SourceVersionDate "2016.06.21"]
[SourceQuality "1"]

1. e4 e5 2. Nf3 Nc6 3. c3 Nf6 4. d4 exd4 5. e5 Ne4 6. Qe2 d5 7. exd6 Bf5 8. Nxd4 Nxd4 9. cxd4 Qxd6 10. f3 Qb4+ 11. Nc3 0-0-0 12. fxe4 Bg6 13. Qc4 Rxd4 14. Qxb4 Bxb4 15. Bd2 Bxc3 16. Bxc3 Rxe4+ 17. Kf2 f5 18. Re1 Rhe8 19. Rxe4 Rxe4 20. Bxg7 Kd7 21. Bb5+ c6 22. Rd1+ Ke7 23. Bd3 Rf4+ 24. Kg1 Kf7 25. Be5 Rh4 26. Rf1 Ke6 27. Bg3 Rd4 28. Re1+ Kf7 29. Bc2 f4 30. Bxg6+ hxg6 31. Bf2 Rd2 32. Bxa7 Rxb2 33. a4 g5 34. a5 g4 35. Rf1 Rb4 36. Bb8 c5 37. Rxf4+ Rxf4 38. Bxf4 Ke6 39. Kf2 Kd5 40. Ke3 Kc4 41. Kd2 Kb3 42. Be5 c4 43. h4 gxh3 44. gxh3 Ka4 45. Bc3 b5 46. axb6 Kb5 47. b7 1-0

[Event "AUT-ch U08 Girls"]
[Site "Velden"]
[Date "2014.06.21"]
[Round "4"]
[White "Hirzinger, Lea"]
[Black "Rumpold, Anja"]
[Result "0-1"]
[WhiteElo "802"]
[BlackElo "800"]
[PlyCount "56"]
[EventDate "2014.06.20"]
[EventType "swiss"]
[EventRounds "7"]
[EventCountry "AUT"]
[SourceTitle "EXT 2016"]
[Source "ChessBase"]
[SourceDate "2015.10.08"]
[SourceVersion "1"]
[SourceVersionDate "2015.10.08"]
[SourceQuality "1"]

1. e4 e5 2. Bc4 Nf6 3. Nf3 Bc5 4. 0-0 Nc6 5. Nc3 0-0 6. d3 d6 7. Bg5 Bg4 8. a3 Nd4 9. Nxd4 Bxd1 10. Raxd1 c6 11. g4 h6 12. Bh4 Bxd4 13. g5 hxg5 14. Bxg5 d5 15. exd5 cxd5 16. Bxd5 Bxc3 17. Bxb7 Rb8 18. bxc3 Rxb7 19. d4 exd4 20. cxd4 Re8 21. c4 Qc8 22. f3 Qf5 23. f4 Qg4+ 24. Kh1 Nh5 25. Rg1 Qf3+ 26. Rg2 Qxd1+ 27. Rg1 Qf3+ 28. Rg2 Re1# 0-1